Score 0/9 Timer 01:00
0 Plays Today
Hint Word % Correct
Pope's Sunday service MASS
89%
A sail's supportMAST
86.1%
A blazer, jacket or possibly a fur COAT
83.1%
2011 NBA Finals Team HEAT
82.9%
To outscore, conquer, or thump BEAT
80.9%
The Argo or SS Minnow e.g. BOAT
80.5%
A price paidCOST
79.3%
Playbill listingCAST
78.2%
2011 NBA Finals Team (for short)MAVS
68.1%

Today's Daily Dose

Remove Ads.
Support Sporcle.
Get the best of Sporcle when you Go Orange. This ad-free experience offers more features, more stats, and more fun while also helping to support Sporcle. Thank you for becoming a member.

You're not logged in!

Compare scores with friends on all Sporcle quizzes.
OR
Log In

Show Comments

Extras

Top Quizzes Today


Score Distribution

Your Account Isn't Verified!

In order to create a playlist on Sporcle, you need to verify the email address you used during registration. Go to your Sporcle Settings to finish the process.

Report this User

Report this user for behavior that violates our Community Guidelines.

Details: